000170660 001__ 170660
000170660 005__ 20260429150229.0
000170660 037__ $$aTAZ-TFM-2025-149
000170660 041__ $$aspa
000170660 1001_ $$aFuoli Echarte, María
000170660 24200 $$aLegal opinion for the purpose of analyzing the viability of certain circumstantial evidence in an offense against property.
000170660 24500 $$aDictamen jurídico con objeto de analizar la viabilidad de determinadas pruebas indiciarias en la investigación de un delito contra el patrimonio.
000170660 260__ $$aZaragoza$$bUniversidad de Zaragoza$$c2025
000170660 506__ $$aby-nc-sa$$bCreative Commons$$c3.0$$uhttp://creativecommons.org/licenses/by-nc-sa/3.0/
000170660 520__ $$aEl presente dictamen se emite con el objeto analizar jurídicamente cuáles van a ser las consecuencias penales y procesales de la existencia en exclusiva de pruebas indiciarias para sostener la acusación por un delito contra el patrimonio: calificación penal de los hechos, procedimiento a incoar, responsabilidades y el decaimiento del derecho a la presunción de inocencia en conjunción con las pruebas indiciarias existentes. <br />
000170660 521__ $$aMáster Universitario en Abogacía
000170660 540__ $$aDerechos regulados por licencia Creative Commons
000170660 691__ $$a0
000170660 692__ $$a
000170660 700__ $$aPérez-Caballero Abad, Pedro.$$edir.
000170660 7102_ $$aUniversidad de Zaragoza$$b $$c
000170660 8560_ $$f795877@unizar.es
000170660 8564_ $$s545530$$uhttps://zaguan.unizar.es/record/170660/files/TAZ-TFM-2025-149.pdf$$yMemoria (spa)
000170660 909CO $$ooai:zaguan.unizar.es:170660$$pdriver$$ptrabajos-fin-master
000170660 950__ $$a
000170660 951__ $$adeposita:2026-04-29
000170660 980__ $$aTAZ$$bTFM$$cDER
000170660 999__ $$a20250211163627.CREATION_DATE